Quelle est cette ponctuation ? - Statistiques

Statistiques générales
  • Ce quiz a été pris 139 fois
  • Le résultat moyen est 10 sur 20
Statistiques - réponses
Symbole Réponse % Correct
? point d'interrogation
93%
@ arobase
91%
. point
89%
« » guillemets
87%
$ dollar / peso
85%
' apostrophe
82%
points de suspension
77%
* astérisque
76%
& esperluette
56%
pour mille
55%
§ paragraphe
45%
_ tiret bas
43%
{ } accolades
39%
/ barre oblique
24%
· point médian
16%
® marque déposée
9%
pied-de-mouche
6%
< > chevrons
4%
point exclarrogatif
2%
fin d'article (cqfd)
1%
Aucun quiz correspondant
Distribution des résultats
% des personnes avec chaque résultat
Percentile par nombre de réponses
Votre historique - résultats
Vous n’avez pas pris ce quiz